Pays avec le plus de Jeux Olympiques d'été - Statistiques

Statistiques générales
  • Ce quiz a été pris 2 425 fois
  • Le résultat moyen est 15 sur 20
Statistiques - réponses
Médailles Pays % Correct
716 France
100%
2,522 Etats-Unis
99%
546 Chine
98%
937 Allemagne / Allemagne de l'Ouest
96%
439 Japon
95%
849 Grande Bretagne
93%
426 Russie
93%
302 Canada
92%
577 Italie
92%
497 Australie
88%
267 Corée du Sud
73%
494 Suède
73%
284 Pologne
71%
285 Pays-Bas
66%
1,122 Union soviétique / équipe unifiée
63%
303 Finlande
55%
491 Hongrie
47%
306 Roumanie
41%
225 Cuba
27%
409 Allemagne de l'est
26%
Aucun quiz correspondant
Distribution des résultats
% des personnes avec chaque résultat
Percentile par nombre de réponses
Votre historique - résultats
Vous n’avez pas pris ce quiz